| 000 | 00595nam a2200229Ia 4500 | ||
|---|---|---|---|
| 005 | 20250425161507.0 | ||
| 008 | 250425s9999 xx 000 0 und d | ||
| 020 | _a0080180183 | ||
| 041 | _aeng | ||
| 082 | _a535 | ||
| 100 | _aWOLF, EMIL | ||
| 245 | 0 | _aPRINCIPLES OF OPTICS: ELECTROMAGNETIC THEORY OF PROPAGATION, INTERFERENCE AND DIFFRACTION OF LIGHT | |
| 250 | _a5TH ED. | ||
| 260 | _aOXFORD | ||
| 260 |
_aReino Unido _bPERGAMON PRESS _c1975 |
||
| 300 | _a808 | ||
| 650 | _aOPTICA | ||
| 650 | _aTEORIA ELECTROMAGNETICA | ||
| 700 | _aBORN, MAX | ||
| 942 | _c01 | ||
| 010 | _a21531 | ||
| 999 |
_c210356 _d210356 |
||